<?xml version="1.0" encoding="UTF-8"?>
<record
    xmlns:xsi="http://www.w3.org/2001/XMLSchema-instance"
    xsi:schemaLocation="http://www.loc.gov/MARC21/slim http://www.loc.gov/standards/marcxml/schema/MARC21slim.xsd"
    xmlns="http://www.loc.gov/MARC21/slim">

  <leader>01351nam a2200361 a 4500</leader>
  <controlfield tag="001">60642</controlfield>
  <controlfield tag="003">CO-BoRNBP</controlfield>
  <controlfield tag="005">20260305201321.0</controlfield>
  <controlfield tag="007">ta</controlfield>
  <controlfield tag="008">070718s2007    sp ab  gr     00110bspa d</controlfield>
  <datafield tag="020" ind1=" " ind2=" ">
    <subfield code="a">9789705802218</subfield>
  </datafield>
  <datafield tag="040" ind1=" " ind2=" ">
    <subfield code="a">CO-BoBLA </subfield>
    <subfield code="b">spa </subfield>
    <subfield code="c">CO-BoBLA</subfield>
  </datafield>
  <datafield tag="041" ind1="1" ind2=" ">
    <subfield code="a">spa </subfield>
    <subfield code="h">eng</subfield>
  </datafield>
  <datafield tag="043" ind1=" " ind2=" ">
    <subfield code="a">e-gx---</subfield>
  </datafield>
  <datafield tag="082" ind1="0" ind2="4">
    <subfield code="a">I927.8 </subfield>
    <subfield code="b">M69w </subfield>
    <subfield code="2">20</subfield>
  </datafield>
  <datafield tag="100" ind1="1" ind2=" ">
    <subfield code="a">Weeks, Marcus.</subfield>
    <subfield code="9">69317</subfield>
  </datafield>
  <datafield tag="245" ind1="1" ind2="0">
    <subfield code="a">Mozart : </subfield>
    <subfield code="b">de d&#xF3;nde vienen mis ideas, no lo s&#xE9;, tampoco puedo forzarlas a que lo hagan... / </subfield>
    <subfield code="c">Marcur Weeks ; traducci&#xF3;n Luz Mar&#xED;a Mendez.</subfield>
  </datafield>
  <datafield tag="250" ind1=" " ind2=" ">
    <subfield code="a">Edici&#xF3;n Gerardo Mendiola y William Dietzel.</subfield>
  </datafield>
  <datafield tag="300" ind1=" " ind2=" ">
    <subfield code="a">64 p. : </subfield>
    <subfield code="b">il., mapa ; </subfield>
    <subfield code="c">25 cm.</subfield>
  </datafield>
  <datafield tag="336" ind1=" " ind2=" ">
    <subfield code="2">rdacontent</subfield>
    <subfield code="a">texto</subfield>
    <subfield code="b">txt</subfield>
  </datafield>
  <datafield tag="337" ind1=" " ind2=" ">
    <subfield code="2">rdamedia</subfield>
    <subfield code="a">sin mediaci&#xF3;n</subfield>
    <subfield code="b">n</subfield>
  </datafield>
  <datafield tag="338" ind1=" " ind2=" ">
    <subfield code="2">rdacarrier</subfield>
    <subfield code="a">volumen</subfield>
    <subfield code="b">nc</subfield>
  </datafield>
  <datafield tag="500" ind1=" " ind2=" ">
    <subfield code="a">Glosario : p. 60-61.</subfield>
  </datafield>
  <datafield tag="504" ind1=" " ind2=" ">
    <subfield code="a">Incluye bibliograf&#xED;a e &#xED;ndice.</subfield>
  </datafield>
  <datafield tag="534" ind1=" " ind2=" ">
    <subfield code="t">Mozart : When my ideas come, I know not nor can I force them.</subfield>
  </datafield>
  <datafield tag="600" ind1="1" ind2="7">
    <subfield code="a">Mozart, Johann Chrysostom Wolfgang Amadeus, </subfield>
    <subfield code="d">1756-1791</subfield>
    <subfield code="v"> Biograf&#xED;as</subfield>
    <subfield code="v"> Literatura juvenil.</subfield>
    <subfield code="9">69318</subfield>
  </datafield>
  <datafield tag="650" ind1=" " ind2="7">
    <subfield code="a">M&#xFA;sicos alemanes</subfield>
    <subfield code="v"> Biograf&#xED;as</subfield>
    <subfield code="v"> Literatura juvenil.</subfield>
    <subfield code="2">BLAAUTO</subfield>
    <subfield code="9">69319</subfield>
  </datafield>
  <datafield tag="700" ind1="1" ind2=" ">
    <subfield code="a">M&#xE9;ndez Beltr&#xE1;n, Luz Mar&#xED;a, </subfield>
    <subfield code="d">1946-</subfield>
    <subfield code="e">tr.</subfield>
    <subfield code="9">69320</subfield>
  </datafield>
  <datafield tag="700" ind1="1" ind2=" ">
    <subfield code="a">Mendiola, Gerardo,</subfield>
    <subfield code="e">ed.</subfield>
    <subfield code="9">69321</subfield>
  </datafield>
  <datafield tag="700" ind1="1" ind2=" ">
    <subfield code="a">Dietzel, William,</subfield>
    <subfield code="e">ed.</subfield>
    <subfield code="9">69322</subfield>
  </datafield>
  <datafield tag="942" ind1=" " ind2=" ">
    <subfield code="2">ddc</subfield>
    <subfield code="c">BK</subfield>
  </datafield>
  <datafield tag="949" ind1=" " ind2=" ">
    <subfield code="a">n      </subfield>
    <subfield code="b">n</subfield>
  </datafield>
  <datafield tag="999" ind1=" " ind2=" ">
    <subfield code="c">60642</subfield>
    <subfield code="d">60642</subfield>
  </datafield>
  <datafield tag="952" ind1=" " ind2=" ">
    <subfield code="0">0</subfield>
    <subfield code="1">0</subfield>
    <subfield code="2">lcc</subfield>
    <subfield code="4">0</subfield>
    <subfield code="7">0</subfield>
    <subfield code="8">GEN</subfield>
    <subfield code="a">MEPCONCO</subfield>
    <subfield code="b">MEPCONCO</subfield>
    <subfield code="c">GEN</subfield>
    <subfield code="d">2026-03-05</subfield>
    <subfield code="l">0</subfield>
    <subfield code="o">I927.8  M69w </subfield>
    <subfield code="p">PCON02546</subfield>
    <subfield code="r">2026-03-05 20:13:55</subfield>
    <subfield code="t">Ej.1</subfield>
    <subfield code="w">2026-03-05</subfield>
    <subfield code="y">BK</subfield>
  </datafield>
</record>
